<?xml version="1.0" encoding="UTF-8"?><?xml-stylesheet type="text/xsl" href="static/style.xsl"?><OAI-PMH xmlns="http://www.openarchives.org/OAI/2.0/" xmlns:xsi="http://www.w3.org/2001/XMLSchema-instance" xsi:schemaLocation="http://www.openarchives.org/OAI/2.0/ http://www.openarchives.org/OAI/2.0/OAI-PMH.xsd"><responseDate>2026-06-01T22:19:17Z</responseDate><request verb="GetRecord" identifier="oai:riuma.uma.es:10630/31544" metadataPrefix="marc">https://riuma.uma.es/rest/oai/request</request><GetRecord><record><header><identifier>oai:riuma.uma.es:10630/31544</identifier><datestamp>2026-02-03T11:49:35Z</datestamp><setSpec>com_10630_2254</setSpec><setSpec>col_10630_37959</setSpec></header><metadata><record xmlns="http://www.loc.gov/MARC21/slim" xmlns:dcterms="http://purl.org/dc/terms/" xmlns:doc="http://www.lyncode.com/xoai" xmlns:xsi="http://www.w3.org/2001/XMLSchema-instance" xsi:schemaLocation="http://www.loc.gov/MARC21/slim http://www.loc.gov/standards/marcxml/schema/MARC21slim.xsd">
   <leader>00925njm 22002777a 4500</leader>
   <datafield ind2=" " ind1=" " tag="042">
      <subfield code="a">dc</subfield>
   </datafield>
   <datafield ind2=" " ind1=" " tag="720">
      <subfield code="a">Márquez-Ballesteros, María José</subfield>
      <subfield code="e">author</subfield>
   </datafield>
   <datafield ind2=" " ind1=" " tag="720">
      <subfield code="a">Navas-Carrillo, Daniel</subfield>
      <subfield code="e">author</subfield>
   </datafield>
   <datafield ind2=" " ind1=" " tag="720">
      <subfield code="a">Chamizo-Nieto, Francisco José</subfield>
      <subfield code="e">author</subfield>
   </datafield>
   <datafield ind2=" " ind1=" " tag="720">
      <subfield code="a">Enciso-Martínez, Elena</subfield>
      <subfield code="e">author</subfield>
   </datafield>
   <datafield ind2=" " ind1=" " tag="720">
      <subfield code="a">España-Naveira, Enrique</subfield>
      <subfield code="e">author</subfield>
   </datafield>
   <datafield ind2=" " ind1=" " tag="260">
      <subfield code="c">2024</subfield>
   </datafield>
   <datafield ind2=" " ind1=" " tag="520">
      <subfield code="a">La docencia de las asignaturas de Urbanismo en las Escuelas de Arquitectura se suele caracterizar por un gran desarrollo práctico, apoyado en conocimientos técnicos que se transmiten a través de contenido teórico, generalmente en formato de clase magistral o seminario. Una de las mayores limitaciones detectada en el formato de clase magistral, evaluada con una única prueba al final del semestre, es la poca traslación a la práctica de los contenidos teóricos durante el semestre. El alumnado acumula material que no vuelve a consultar hasta final de curso, justo antes de la prueba de evaluación. Para romper esta dinámica, en la asignatura de Urbanismo 2 de la E.T.S. de Arquitectura de Málaga se implantó en el curso 2020-21 el portafolio como herramienta para el aprendizaje significativo. Este portafolio se estructura en tres bloques: (1) resumen, (2) listado de aprendizajes (tanto teóricos como para aplicar a la práctica) y (3) aportaciones personales en relación a la temática de la clase teórica. El portafolio debe ser entregado después de cada clase magistral. La experiencia docente se está analizando desde una perspectiva comparada de los distintos portafolios y contenidos teóricos con otras asignaturas de grado (Urbanismo 3) y máster (Planificación y Legislación Urbanística), así como de los resultados del aprendizaje obtenidos. La evolución que se ha ido produciendo a lo largo de estos cuatro años de implantación del portafolio y las diferentes adaptaciones a las distintas casuísticas docentes sirven para generar un ámbito de innovación, diálogo e investigación de los docentes implicados, con el objetivo de conseguir mejores resultados, así como su posible desarrollo en otros cursos y asignaturas.</subfield>
   </datafield>
   <datafield ind1="8" ind2=" " tag="024">
      <subfield code="a">https://hdl.handle.net/10630/31544</subfield>
   </datafield>
   <datafield tag="653" ind2=" " ind1=" ">
      <subfield code="a">Ordenación del territorio -  Estudio y enseñanza</subfield>
   </datafield>
   <datafield ind2="0" ind1="0" tag="245">
      <subfield code="a">Aprendizaje de contenidos conceptuales en urbanismo: el portafolio como herramienta para su aplicación a casos prácticos.</subfield>
   </datafield>
</record>
</metadata></record></GetRecord></OAI-PMH>